The island of fire /

Sparad:
Bibliografiska uppgifter
Huvudupphovsman: Cullagh,Sheila K.Mc
Materialtyp: Bok
Publicerad: singapore : cannon international.
Ämnen:
Taggar: Lägg till en tagg
Inga taggar, Lägg till första taggen!
Thư viện lưu trữ: Mạng thư viện Đại học Đà Nẵng
LEADER 00834nam a22002531a 4500
001 000040567
003 16862
005 20230420154725.0
008 160412s0 000
082 |a 910  |b CU-S 
100 |a Cullagh,Sheila K.Mc 
245 0 |a The island of fire /  |c Sheila K.Mc Cullagh. 
260 |a singapore :  |b cannon international. 
300 |a 71p. ;  |c 20cm. 
653 |a The island of fire 
OWN |a LNN 
AVA |a UDN50  |b LNN  |c English  |d 910CU-S  |e available  |t Error 5001 Not defined in file expand_doc_bib_avail.  |f 1  |g 0  |h N  |i 0  |j AN 
999 |a From the UDN01 
AVA |a UDN50  |b LNN  |c English  |d 910CU-S  |e available  |t Error 5001 Not defined in file expand_doc_bib_avail.  |f 1  |g 0  |h N  |i 0  |j AN 
TYP |a Monograph 
980 |a Mạng thư viện Đại học Đà Nẵng